| 000 | 00757nam a2200301Ia 4500 | ||
|---|---|---|---|
| 001 | Z_4490 | ||
| 003 | CHAP | ||
| 008 | 220113s1984 xx 000 0 und d | ||
| 010 | _a167565 | ||
| 040 | _cCHAP | ||
| 082 | _a636.213 A55y | ||
| 100 |
_aAllen, David _94381 |
||
| 245 |
_aProducción planificada de vacuno de carne / _cpor David Allen y Brian Kilkenny |
||
| 260 |
_aZaragoza : _bAcribia, _c1984 |
||
| 300 | _a240 p. | ||
| 440 | _a | ||
| 500 | _aTrad. De : | ||
| 503 | _aC/E | ||
| 650 |
_aCarne _xProducción _919109 |
||
| 650 |
_aGanado de carne _945067 |
||
| 650 |
_aGanado vacuno _xProducción I. Kilkenny, Brian _9141806 |
||
| 901 | _a636.213 A55y | ||
| 902 | _aA | ||
| 910 | _a1984 | ||
| 942 | _c1 | ||
| 942 | _cc1 | ||
| 999 |
_c167565 _d167565 |
||